Top 5 miast pod względem ludności w każdym kraju Australii i Oceanii - Statystyki

Ogólne statystyki
  • Ten quiz został rozwiązany 10 razy
  • Średni wynik to 14 z 70
Statystyki odpowiedzi
Kraj Miasto % Poprawnych
Australia Sydney
100%
Australia Brisbane
90%
Australia Melbourne
90%
Australia Perth
90%
Nowa Zelandia Auckland
80%
Papua-Nowa Gwinea Port Moresby
80%
Fidżi Suva
80%
Nowa Zelandia Wellington
80%
Nauru Yaren
80%
Australia Adelaide
60%
Samoa Apia
60%
Palau Ngerulmud
60%
Tonga Nuku'alofa
60%
Mikronezja Palikir
60%
Vanuatu Port Vila
60%
Wyspy Salomona Honiara
50%
Kiribati Bairiki
40%
Wyspy Marshalla Majuro
40%
Nowa Zelandia Christchurch
30%
Tuvalu Vaiaku
30%
Nauru Boe
10%
Nauru Buada
10%
Nowa Zelandia Hamilton
10%
Palau Koror
10%
Papua-Nowa Gwinea Lae
10%
Fidżi Nadi
10%
Palau Airai
0%
Nauru Aiwo
0%
Wyspy Marshalla Ajeltake
0%
Tuvalu Alapi
0%
Wyspy Salomona Auki
0%
Kiribati Betio
0%
Kiribati Bikenibeu
0%
Wyspy Marshalla Ebeye
0%
Tuvalu Fakaifou
0%
Samoa Faleasiu
0%
Wyspy Salomona Gizo
0%
Tonga Haveluloto
0%
Wyspy Marshalla Jabor
0%
Wyspy Salomona Kirakira
0%
Mikronezja Kitti
0%
Palau Kloulklubed
0%
Wyspy Marshalla Laura
0%
Fidżi Lautoka
0%
Samoa Leauvaa
0%
Vanuatu Luganville
0%
Papua-Nowa Gwinea Madang
0%
Mikronezja Madolenihmw
0%
Vanuatu Mele
0%
Nauru Meneng
0%
Palau Meyuns
0%
Papua-Nowa Gwinea Mount Hagen
0%
Fidżi Nasinu
0%
Fidżi Nausori
0%
Tonga Neiafu
0%
Mikronezja Nett
0%
Wyspy Salomona Noro
0%
Vanuatu Norsup
0%
Vanuatu Port Olry
0%
Tuvalu Senala
0%
Samoa Siusega
0%
Nowa Zelandia Tauranga
0%
Kiribati Teaoraereke
0%
Tuvalu Tekavatoetoe
0%
Kiribati Temwaiku
0%
Tonga Tofoa-Koloua
0%
Tonga Vaini
0%
Samoa Vaitele
0%
Mikronezja Weno
0%
Papua-Nowa Gwinea Wewak
0%
Nie znaleziono quizów pasujących do podanych kryteriów
Rozkład punktacji
Procent ludzi z każdym wynikiem
Percentyl według liczby udzielonych odpowiedzi
Twoja historia wyników
Nie rozwiązałeś tego quizu